[Event "Hennebont Grand Prix U14"]
[Site "Hennebont"]
[Date "2006.08.06"]
[Round "5"]
[White "Le Berre, Alexandre"]
[Black "Carrer, Francis"]
[Result "1-0"]
[WhiteElo "1130"]
[BlackElo "1009"]
[PlyCount "71"]
[EventDate "2006.08.06"]
[EventType "swiss"]
[EventRounds "7"]
[EventCountry "FRA"]
[SourceTitle "EXT 2008"]
[Source "ChessBase"]
[SourceDate "2007.11.25"]
[SourceVersion "1"]
[SourceVersionDate "2007.11.25"]
[SourceQuality "1"]

1. e4 e5 2. Nf3 Nc6 3. Nc3 Nf6 4. Bb5 Bc5 5. Bxc6 dxc6 6. 0-0 Ng4 7. Na4 Nxf2 8. Rxf2 Bxf2+ 9. Kxf2 Bg4 10. d3 b5 11. Nc3 b4 12. Nb1 0-0 13. Nbd2 f5 14. Qe2 Bh5 15. a3 Qb8 16. Qe3 f4 17. Qc5 Re8 18. Qxb4 Qb6+ 19. Qxb6 cxb6 20. Nc4 b5 21. Ncxe5 Rec8 22. h3 c5 23. Bxf4 Rf8 24. Be3 Rae8 25. Ng4 Re6 26. Bxc5 Rc8 27. Bxa7 Rxc2+ 28. Ke3 Rxb2 29. Rg1 Ra2 30. Bc5 Rg6 31. Nge5 Rg3 32. Rb1 Rgxg2 33. Rxb5 Rae2+ 34. Kd4 Rgf2 35. Rb8+ Be8 36. Rxe8# 1-0

[Event "Hennebont Grand Prix U14"]
[Site "Hennebont"]
[Date "2006.08.05"]
[Round "2"]
[White "Carrer, Francis"]
[Black "Le Courric, Ophelie"]
[Result "1/2-1/2"]
[WhiteElo "1009"]
[BlackElo "1140"]
[PlyCount "122"]
[EventDate "2006.08.06"]
[EventType "swiss"]
[EventRounds "7"]
[EventCountry "FRA"]
[SourceTitle "EXT 2008"]
[Source "ChessBase"]
[SourceDate "2007.11.25"]
[SourceVersion "1"]
[SourceVersionDate "2007.11.25"]
[SourceQuality "1"]

1. e4 d5 2. Nc3 Nf6 3. Nf3 Nc6 4. Bb5 Bd7 5. d3 a6 6. Ba4 b5 7. Bb3 a5 8. Nxb5 a4 9. Bxa4 Rxa4 10. 0-0 dxe4 11. dxe4 Rxe4 12. Bd2 Ra4 13. b3 Ra8 14. Bf4 e6 15. Nxc7+ Ke7 16. Nxa8 Qxa8 17. Qd6+ Ke8 18. Qc7 Qa5 19. Rfd1 Qxc7 20. Bxc7 g6 21. Rd2 Bg7 22. Rad1 Bc8 23. Rd8+ Nxd8 24. Rxd8+ Ke7 25. Rxh8 Bxh8 26. a4 Kd7 27. Bf4 Ba6 28. b4 Be2 29. Nd4 Bd1 30. a5 e5 31. Bxe5 h5 32. b5 Bg4 33. h3 Be6 34. b6 Bd5 35. a6 Ng4 36. hxg4 Bxe5 37. b7 Bxb7 38. axb7 hxg4 39. f3 Kc7 40. Nc6 Kxc6 41. b8Q Bxb8 42. fxg4 Ba7+ 43. Kh2 Kd6 44. Kg3 Ke5 45. Kf3 f6 46. g3 f5 47. g5 Bc5 48. g4 Be7 49. gxf5 Bxg5 50. fxg6 Kf6 51. c4 Kxg6 52. Ke4 Bf6 53. Kd5 Kf7 54. c5 Ke7 55. c6 Kd8 56. Kc5 Be7+ 57. Kb6 Bb4 58. Kb5 Kc7 59. Kc4 Bf8 60. Kb5 Be7 61. Kc4 Kxc6 1/2-1/2